000 00475nam a2200181 4500
001 144434
003 ES-MaACL
005 20230906201021.0
007 t|
008 070214s1984 sp r ||||1| spa d
080 _a821.134.2-31"19"
100 1 _aSiles, Manuel,
_d1921-1984
_9106340
245 1 3 _aLa bestia /
_cManuel Siles.
260 _aMadrid :
_bLit. Barrero,
_c1984.
300 _a165 p. ;
_c20 cm.
852 4 _aES-MaACL
_jL-7844
999 _c144434
_d144434